000 01000naa a22002777a 4500
001 BR7311223
003 BR-BrBNA
005 20250709164618.0
007 ta
008 250630b bl.|||m| |||| 00| 0 por d
040 _aBR-BrBNA
_bpor
_cBiblioteca Nacional de Agricultura
041 _a(Pt)
072 _aE15
_b/G514
090 _aE15 BR7311223
100 1 _aWhite Junior, T.K.
100 1 _aRocha, D.S.
245 1 _aCredito agricola na zona da mata de Minas Gerais [Brasil]
500 _aEstudos sobre uma regiao agricola: zona da mata de Minas Gerais Rio de Janeiro, GB (Brasil): 1973. p. 217-300 [12 ref.; 32 graphs] (BR7311223-AMS)
773 0 _tEstudos sobre uma regiao agricola: zona da mata de Minas Gerais
_wE15 BR7311223
_gRio de Janeiro, GB (Brasil), 1973. p. 217-300
650 _aCREDITO AGRICOLA
650 _aZONA DA MATA
650 _aMINAS GERAIS
490 _aIPEA/INPES. Monografia (Brazil)
_vno. 9
942 _cAMS
_2AGRIS
909 _a202506
_bLúcia
_c55
_dLúcia Elande
999 _c332680
_d332680